000
00295nam a22001217a 4500
020
_a
0-8273-1169-9
082
_a
621.3192 KUB'C
100
_a
KUBALA, T. S
_9
62332
245
_a
CIRCUIT CONCEPTS DIRECT AND ALERNATING CURRENT
260
_a
NEWYORK
_b
DELMAR
_c
1976
300
_a
207P
942
_c
BK
999
_c
581334
_d
581334